Simulačná optimalizácia a porovnávanie variantov

Simulačná optimalizácia a porovnávanie variantov je účinný nástroj analýzy a optimalizácie zložitých reálnych systémov. Ich praktická využiteľnosť je závislá na úrovni rozvoja výpočtovej techniky. V práci sa autori venujú teoretickým východiskám simulačnej optimalizácie a porovnávania variantov. Pr...

ver descrição completa

Na minha lista:
Detalhes bibliográficos
Autor principal: Domonkos, Tomáš
Outros Autores: Mikušová, Nora, 1978-, Miťková, Veronika
Formato: Capítulo de Livro
Idioma:eslovaco
Assuntos:
Tags: Adicionar Tag
Sem tags, seja o primeiro a adicionar uma tag!

MARC

LEADER 00000nla$a2200000$$$4500
001 0094004
005 20240502083237.8
041 0 |a slo 
044 |a CZ 
245 1 0 |a Simulačná optimalizácia a porovnávanie variantov  |c Tomáš Domonkos, Nora Mikušová, Veronika Miťková 
520 |a Simulačná optimalizácia a porovnávanie variantov je účinný nástroj analýzy a optimalizácie zložitých reálnych systémov. Ich praktická využiteľnosť je závislá na úrovni rozvoja výpočtovej techniky. V práci sa autori venujú teoretickým východiskám simulačnej optimalizácie a porovnávania variantov. Práve táto časť simulačného modelovania má pre prax často najväčší význam, keďže umožňuje analytikovi optimalizovať najrôznejšie procesy ako napr.: výrobu, plánovanie, riadenie skladov, logistiky atď ., a tým zvýšiť efektivitu a konkurencieschopnosť podniku v trhovom prostredí. 
610 2 0 |a modelovanie 
610 2 0 |a simulácia 
610 2 0 |a modely simulačné 
610 2 0 |a optimalizácia 
100 1 |a Domonkos, Tomáš 
700 1 |a Mikušová, Nora, 1978- 
700 1 |a Miťková, Veronika